| 000 | 00478nam a2200193 a 4500 | ||
|---|---|---|---|
| 001 | 7951 | ||
| 003 | CO-ViMGA | ||
| 008 | 141112s2004 ck r 000 u spa d | ||
| 020 | _a968242402X | ||
| 040 |
_aCO-ViMGA _bspa _cCO-ViMGA |
||
| 082 | 0 | 4 | _aWILav |
| 100 | 1 |
_aWilkins, Pauline _97503 |
|
| 245 | 1 | 0 | _aLa varita |
| 260 | _aMexico Trillas 1987 | ||
| 300 | _a24.p.il. | ||
| 490 | _aColección de oro, pequeños libros | ||
| 650 | 1 | 4 |
_aCUENTOS INFANTILES _92743 |
| 942 |
_2ddc _cBK |
||
| 999 |
_c19779 _d19779 |
||